| Tag |
First Indicator |
Second Indicator |
Subfields |
| LEADER |
00000cam a2200000Ia 4500 |
| 001 |
in00002786794 |
| 005 |
20151202171644.0 |
| 008 |
120113s2012 enka b 001 0 eng d |
| 016 |
7 |
|
|a 016123031
|2 Uk
|
| 020 |
|
|
|a 9781856697965 :
|c $29.95
|
| 020 |
|
|
|a 1856697967
|
| 029 |
1 |
|
|a AU@
|b 000050061000
|
| 029 |
1 |
|
|a NZ1
|b 14517780
|
| 035 |
|
|
|a (OCoLC)ocn772692257
|
| 035 |
|
|
|a (OCoLC)772692257
|
| 040 |
|
|
|a YDXCP
|b eng
|c YDXCP
|d BTCTA
|d BDX
|d ERASA
|d UKMGB
|d IAD
|d OCO
|d VP@
|d OCLCQ
|d CDX
|d AAL
|d UtOrBLW
|
| 049 |
|
|
|a TXAM
|
| 050 |
|
4 |
|a TR15
|b .M27 2012
|
| 092 |
|
|
|a 770.9
|b M334o
|
| 100 |
1 |
|
|a Marien, Mary Warner.
|
| 245 |
1 |
0 |
|a 100 ideas that changed photography /
|c Mary Warner Marien.
|
| 246 |
3 |
|
|a One hundred ideas that changed photography
|
| 264 |
|
1 |
|a London :
|b Laurence King,
|c 2012.
|
| 300 |
|
|
|a 216 pages :
|b illustrations (some color) ;
|c 27 cm.
|
| 336 |
|
|
|a text
|b txt
|2 rdacontent
|
| 337 |
|
|
|a unmediated
|b n
|2 rdamedia
|
| 338 |
|
|
|a volume
|b nc
|2 rdacarrier
|
| 504 |
|
|
|a Includes bibliographical references (page 210) and index.
|
| 650 |
|
0 |
|a Photography
|x History.
|
| 650 |
|
0 |
|a Photography
|x Technique.
|
| 938 |
|
|
|a YBP Library Services
|b YANK
|n 100585524
|
| 938 |
|
|
|a Baker and Taylor
|b BTCP
|n BK0011093840
|
| 938 |
|
|
|a Brodart
|b BROD
|n 102663440
|c $29.95
|
| 938 |
|
|
|a Erasmus Boekhandel
|b ERAA
|n NTS0000139461
|
| 938 |
|
|
|a Coutts Information Services
|b COUT
|n 21880922
|
| 947 |
|
|
|a A14836011442
|
| 945 |
|
|
|a PromptCat
|b 115965
|
| 946 |
|
|
|a stk
|
| 994 |
|
|
|a 92
|b TXA
|
| 948 |
|
|
|a Cataloged
|b h
|c 2012/12/5
|d c
|e EGrant
|
| 999 |
|
|
|a MARS
|
| 999 |
f |
f |
|s 17a03bb0-bde6-346e-8889-2f686b219c8c
|i d24005d3-1434-328d-9cff-06d0d38f2b3c
|t 0
|
| 952 |
f |
f |
|p normal
|a Texas A&M University
|b College Station
|c Sterling C. Evans Library
|d Evans: Library Stacks
|t 0
|e TR15 .M27 2012
|h Library of Congress classification
|i unmediated -- volume
|m A14836011442
|
| 998 |
f |
f |
|a TR15 .M27 2012
|t 0
|l Evans: Library Stacks
|